| 000 | 02106nam a2200325 i 4500 | ||
|---|---|---|---|
| 001 | 163232 | ||
| 003 | ES-MaACL | ||
| 005 | 20251002162148.0 | ||
| 008 | 960307s1788 sp abc |||| | spa d | ||
| 040 |
_aEUS _bspa _cEUS |
||
| 245 | 0 | 0 |
_aRelacion del último viage al estrecho de Magallanes de la Fragata de S.M. Santa María de la Cabeza en los años de 1785 y 1786 _b: extracto de todos los anteriores ... y noticia de los habitantes, suelo, clima y producciones del estrecho. |
| 260 |
_aMadrid : _bpor la Viuda de Ibarra, Hijos y Compañía, _c1788. |
||
| 300 |
_a[6], XVI, 359 p., [4] h. pleg., [1] h. de grab., [4] h. de map. pleg. ; _c4º (24 cm) |
||
| 530 | _aDisponible en formato digital. | ||
| 594 | _aAguilar Piñal, VIII, 2443, hace responsable de esta obra a José de Vargas Ponce. Pero, Sempere y Guarinos en "Ensayo de una biblioteca española de los mejores escritores del Reinado de Carlos III", VI, p. 237, dice que José de Vargas fue encargado de "cuidar de la edición, y la enriqueció con muchas noticias y observaciones ... Suyas son la introducción, y toda la segunda parte, que contiene la historia de las expediciones y Viages, hechas antes de éste al Estrecho Magallanico ..." | ||
| 596 | _aMarca tip. en port. | ||
| 597 | _aSign.: [ ]², a8, b¹, A-X8, Y¹°. | ||
| 597 | _aLas [4] h. pleg. son tablas con datos metereológicos del viaje. | ||
| 599 | _aLa h. de grab. calc.: "Ferdin. Selma delin. et incid. anno 1788", es el retrato de Magallanes. | ||
| 599 | _aLos map. pleg. son grab. calc.: "grabada por Bart. Vazquez", "Pró lo grabó" | ||
| 651 | 4 |
_aMagallanes (Estrecho)- _xDescubrimientos y exploraciones. _9136066 |
|
| 700 | 1 |
_aVargas Ponce, José. _9113210 |
|
| 700 | 1 |
_aVázquez, Bartolomé, _d1749-1802 _9113350 |
|
| 700 | 1 |
_aPro, Joaquín ( _dfl. 1781-1790) _9155129 |
|
| 700 | 1 |
_aSelma, Fernando, _d1752-1810 _9157690 |
|
| 700 | 2 |
_a _9242295 |
|
| 852 | 4 |
_aES-MaACL _jR-187(1) _z- Enc. hol. _x Olim: C-1847 |
|
| 856 |
_uhttp://bdh-rd.bne.es/viewer.vm?id=0000081228&page=1 _zBiblioteca Digital Hispánica |
||
| 999 |
_c163232 _d163232 |
||